Rebecca
Saved in:
| Main Author: | |
|---|---|
| Format: | Book |
| Language: | English |
| Published: |
Nueva York
Avon Books
1971
|
| Subjects: | |
| Tags: |
Add Tag
No Tags, Be the first to tag this record!
|
MARC
| LEADER | 00000nam a2200000 a 4500 | ||
|---|---|---|---|
| 001 | UCP2863 | ||
| 003 | CL-VaPUC | ||
| 008 | 990604e19710000US |||||||||||||||||eng|d | ||
| 082 | 0 | 4 | |a 823 |b MAU |2 21 |
| 100 | |a Maurier, Daphne du |e autora |9 429848 | ||
| 245 | 1 | 0 | |a Rebecca |
| 300 | |a 380 p | ||
| 942 | |c BK | ||
| 945 | |d 19990604 00:00:00 |a rbrito | ||
| 260 | |a Nueva York |b Avon Books |c 1971 | ||
| 650 | 0 | |a Novelas inglesas |9 265220 | |
| 583 | |a last modification |c 19990604 00:00:00 |k Rodrigo Vera | ||
| 999 | |c 281330 |d 281328 | ||
| 952 | |0 0 |1 0 |4 0 |6 823_000000000000000_MAU_1971 |7 0 |8 A |9 322039 |a BIBEDU |b BIBEDU |d 2019-11-20 |i 3527999 |o 823 MAU 1971 |p 3527999 |r 2019-11-20 |w 2019-11-20 |y BK |k LIT | ||